HipHop songs 2018 - Statistics

General Stats
  • This quiz has been taken 285 times
  • The average score is 10 of 20
Answer Stats
Song Artist % Correct
If You Know You Know Pusha T
98%
Sicko Mode Travis Scott
97%
Moonlight XXXtentacion
86%
Drip Too Hard Gunna/Lil Baby
83%
Blue Tint Drake
80%
Praise The Lord Asap Rocky
76%
Fine China Future/Juice Wrld
66%
Narcos Migos
66%
Clout Cobain Denzel Curry
57%
ATM J.Cole
57%
All Mine Kanye West
52%
Topanga Trippie Redd
51%
No Stylist French Montana
49%
Get Dripped Lil Yachty
27%
Flip The Switch Quavo
27%
Cancun Playboi Carti
24%
Take One Kodak Black
16%
None To Me Takeoff
12%
Jefe TI
12%
Leave A Tip Ugly God
8%
No matching quizzes found
Score Distribution
Percent of People with Each Score
Percentile by Number Answered
Your Score History
You have not taken this quiz